<?xml version="1.0" encoding="UTF-8"?>
<record
    xmlns:xsi="http://www.w3.org/2001/XMLSchema-instance"
    xsi:schemaLocation="http://www.loc.gov/MARC21/slim http://www.loc.gov/standards/marcxml/schema/MARC21slim.xsd"
    xmlns="http://www.loc.gov/MARC21/slim">

  <leader>01346nam2a2200325   4500</leader>
  <controlfield tag="001">RU\NLR\bibl\356798</controlfield>
  <controlfield tag="005">20250621155401.0</controlfield>
  <datafield tag="010" ind1=" " ind2=" ">
    <subfield code="a">5-275-00669-1</subfield>
    <subfield code="b">&#x412; &#x43F;&#x435;&#x440;.</subfield>
  </datafield>
  <datafield tag="021" ind1=" " ind2=" ">
    <subfield code="a">RU</subfield>
    <subfield code="b">2002-52774</subfield>
    <subfield code="9">2558</subfield>
  </datafield>
  <datafield tag="035" ind1=" " ind2=" ">
    <subfield code="a">(NLR Aleph) 000351447</subfield>
  </datafield>
  <datafield tag="090" ind1=" " ind2=" ">
    <subfield code="a">278554</subfield>
    <subfield code="c">278554</subfield>
  </datafield>
  <datafield tag="100" ind1=" " ind2=" ">
    <subfield code="a">20021226d2002    |||y0rusy50      ca</subfield>
  </datafield>
  <datafield tag="101" ind1="1" ind2=" ">
    <subfield code="a">rus</subfield>
    <subfield code="c">eng</subfield>
  </datafield>
  <datafield tag="102" ind1=" " ind2=" ">
    <subfield code="a">RU</subfield>
  </datafield>
  <datafield tag="105" ind1=" " ind2=" ">
    <subfield code="a">y   |||||||||</subfield>
  </datafield>
  <datafield tag="200" ind1="1" ind2=" ">
    <subfield code="a">&#x420;&#x430;&#x441;&#x441;&#x43A;&#x430;&#x437;&#x44B;</subfield>
    <subfield code="e">[&#x41F;&#x435;&#x440;. &#x441; &#x430;&#x43D;&#x433;&#x43B;.]</subfield>
    <subfield code="a">&#x41F;&#x440;&#x43E;&#x441;&#x442;&#x430;&#x43A;&#x438; &#x437;&#x430; &#x433;&#x440;&#x430;&#x43D;&#x438;&#x446;&#x435;&#x439;, &#x438;&#x43B;&#x438; &#x41D;&#x43E;&#x432;&#x44B;&#x435; &#x441;&#x442;&#x440;&#x430;&#x43D;&#x441;&#x442;&#x432;&#x438;&#x44F; &#x43F;&#x430;&#x43B;&#x43E;&#x43C;&#x43D;&#x438;&#x43A;&#x43E;&#x432;</subfield>
    <subfield code="e">&#x41A;&#x43D;. &#x43F;&#x443;&#x442;&#x435;&#x432;&#x44B;&#x445; &#x43E;&#x447;&#x435;&#x440;&#x43A;&#x43E;&#x432;</subfield>
    <subfield code="h">&#x433;&#x43B;. I-XXVII</subfield>
    <subfield code="f">[&#x41F;&#x435;&#x440;. &#x441; &#x430;&#x43D;&#x433;&#x43B;. &#x41C;. &#x42D;&#x43D;&#x433;&#x435;&#x43B;&#x44C;&#x433;&#x430;&#x440;&#x434;&#x442;&#x430;]</subfield>
  </datafield>
  <datafield tag="210" ind1=" " ind2=" ">
    <subfield code="d">2002</subfield>
    <subfield code="a">&#x411;. &#x43C;.</subfield>
  </datafield>
  <datafield tag="215" ind1=" " ind2=" ">
    <subfield code="a">381,[2] &#x441;.</subfield>
  </datafield>
  <datafield tag="461" ind1=" " ind2="0">
    <subfield code="1">001RU\NLR\bibl\359285</subfield>
    <subfield code="1">2001#$a&#x421;&#x43E;&#x431;&#x440;&#x430;&#x43D;&#x438;&#x435; &#x441;&#x43E;&#x447;&#x438;&#x43D;&#x435;&#x43D;&#x438;&#x439;$v&#x422;. 1</subfield>
    <subfield code="9">293237</subfield>
    <subfield code="a">&#x422;&#x432;&#x435;&#x43D;, &#x41C;. (1835-1910)</subfield>
    <subfield code="c">&#x41C;.</subfield>
    <subfield code="d">2002</subfield>
    <subfield code="f">&#x41C;&#x430;&#x440;&#x43A; &#x422;&#x432;&#x435;&#x43D;</subfield>
    <subfield code="n">&#x422;&#x435;&#x440;&#x440;&#x430;-&#x43A;&#x43D;. &#x43A;&#x43B;&#x443;&#x431;</subfield>
    <subfield code="o">&#x412; 18 &#x442;.</subfield>
    <subfield code="t">&#x421;&#x43E;&#x431;&#x440;&#x430;&#x43D;&#x438;&#x435; &#x441;&#x43E;&#x447;&#x438;&#x43D;&#x435;&#x43D;&#x438;&#x439;</subfield>
    <subfield code="y">5-275-00668-3</subfield>
    <subfield code="v">&#x422;. 1</subfield>
  </datafield>
  <datafield tag="517" ind1="0" ind2=" ">
    <subfield code="a">&#x41D;&#x43E;&#x432;&#x44B;&#x435; &#x441;&#x442;&#x440;&#x430;&#x43D;&#x441;&#x442;&#x432;&#x438;&#x44F; &#x43F;&#x430;&#x43B;&#x43E;&#x43C;&#x43D;&#x438;&#x43A;&#x43E;&#x432;</subfield>
  </datafield>
  <datafield tag="675" ind1=" " ind2=" ">
    <subfield code="a">821.111(73)&#x422;&#x432;&#x435;&#x43D;2</subfield>
    <subfield code="v">3</subfield>
    <subfield code="z">rus</subfield>
  </datafield>
  <datafield tag="675" ind1=" " ind2=" ">
    <subfield code="a">821.111(73)-31&#x422;&#x432;&#x435;&#x43D;</subfield>
    <subfield code="v">3</subfield>
    <subfield code="z">rus</subfield>
  </datafield>
  <datafield tag="686" ind1=" " ind2=" ">
    <subfield code="a">17.82</subfield>
    <subfield code="2">rugasnti</subfield>
  </datafield>
  <datafield tag="686" ind1=" " ind2=" ">
    <subfield code="a">84(7&#x421;&#x43E;&#x435;)-44</subfield>
    <subfield code="2">rubbk</subfield>
  </datafield>
  <datafield tag="801" ind1=" " ind2="0">
    <subfield code="a">RU</subfield>
    <subfield code="b">RKP</subfield>
    <subfield code="c">20021226</subfield>
    <subfield code="g">PSBO</subfield>
  </datafield>
  <datafield tag="801" ind1=" " ind2="1">
    <subfield code="a">RU</subfield>
    <subfield code="b">RKP</subfield>
    <subfield code="c">20021226</subfield>
  </datafield>
  <datafield tag="801" ind1=" " ind2="2">
    <subfield code="a">RU</subfield>
    <subfield code="b">NLR</subfield>
    <subfield code="c">20030204</subfield>
    <subfield code="g">rcr</subfield>
  </datafield>
  <datafield tag="942" ind1=" " ind2=" ">
    <subfield code="c">BOOK</subfield>
  </datafield>
  <datafield tag="980" ind1=" " ind2=" ">
    <subfield code="a">NB</subfield>
  </datafield>
  <datafield tag="995" ind1=" " ind2=" ">
    <subfield code="5">2003-01-17</subfield>
    <subfield code="a">ad</subfield>
    <subfield code="b">NLR01</subfield>
    <subfield code="c">NLR01</subfield>
    <subfield code="e">RF3</subfield>
    <subfield code="f">403852</subfield>
    <subfield code="k">2003-3/604</subfield>
    <subfield code="o">0</subfield>
    <subfield code="r">BOOK</subfield>
    <subfield code="s">20033604_</subfield>
  </datafield>
  <datafield tag="995" ind1=" " ind2=" ">
    <subfield code="5">2003-01-17</subfield>
    <subfield code="a">ad</subfield>
    <subfield code="b">NLR01</subfield>
    <subfield code="c">NLR01</subfield>
    <subfield code="e">RF3</subfield>
    <subfield code="f">403853</subfield>
    <subfield code="k">2003-3/604</subfield>
    <subfield code="o">0</subfield>
    <subfield code="r">BOOK</subfield>
    <subfield code="s">20033604_</subfield>
  </datafield>
</record>
